| 000 | 00485nmm a2200169Ia 4500 | ||
|---|---|---|---|
| 008 | 251105s9999||||xx |||||||||||||||||und|| | ||
| 020 | _a9788496290181 | ||
| 041 | _aspa | ||
| 100 | _aAlarcón, Pedro Antonio de | ||
| 245 | 0 | _aDiario de un testigo de la guerra de África | |
| 264 |
_a[Madrid, España] : _bLinkgua, _c2011 |
||
| 300 | _a570 páginas | ||
| 490 | _aHistoria | ||
| 650 | _aHistory of Africa | ||
| 856 | _uhttps://public.digitaliapublishing.com/a/15125 | ||
| 942 | _cCF | ||
| 999 |
_c89728 _d89728 |
||